000 00935nam a2200265 a 4500
001 BRCA_3740
005 20190320204415.0
008 940311s1993 nyua---##b---#000-0deng-#
020 _a0962109649
041 _aeng
044 _anyu
050 4 _aTR395
_b.K73 1993
100 1 _aKraus, Hans P.
_cJr.
_99737
245 1 0 _aSun Pictures
_bCatalogue Six
_cHans P. Kraus ; Thomas Keith and John Forbes White ; research and text by Larry J. Schaaf.
260 _aNew York
_bHans P. Kraus, Jr., Inc.
_cc1993
300 _a77 p.
_bil.
_c28 cm.
504 _aBibliografía: p. 15-16
650 1 4 _aCalotipo
_vCatálogos
_99738
650 1 4 _aFotografía de arquitectura
_xHistoria
_ySiglo XIX
_zEscocia
_99739
650 1 4 _aFotografía de paisajes
_xHistoria
_ySiglo XIX
_zEscocia
_99740
700 1 _aSchaaf, Larry J.
_d1947-
_99741
700 1 _aKeith, Thomas
_d1827-1895
_99742
700 1 _aWhite, John Forbes
_d1831-1904
_99743
942 _2lcc
_cB
999 _c3469
_d3469